Pays du monde contenant un H - Statistiques

Statistiques générales
  • Ce quiz a été pris 2 142 fois
  • Le résultat moyen est 17 sur 27
Statistiques - réponses
Pays % Correct
Hongrie
90%
Honduras
89%
Chine
85%
Afghanistan
75%
Chili
74%
Haiti
73%
Kazakhstan
68%
Bhoutan
67%
Kirghizistan
67%
Thailande
66%
Chypre
61%
Ghana
61%
Bahrein
60%
Bahamas
57%
Philippines
57%
Autriche
56%
République tchèque
55%
Érythrée
53%
Liechtenstein
53%
Bangladesh
52%
Bosnie-Herzégovine
52%
Seychelles
52%
Éthiopie
51%
Lesotho
51%
Saint-Christophe-et-Niévès
49%
Tchad
48%
Îles Marshall
45%
Aucun quiz correspondant
Distribution des résultats
% des personnes avec chaque résultat
Percentile par nombre de réponses
Votre historique - résultats
Vous n’avez pas pris ce quiz